000 00824nam a22002177a 4500
999 _c18433
_d18433
003 AR-CdUCM
008 190514b ||||| |||| 00| 0 spa d
040 _aMUNICIPALIDAD PROVINCIAL DEL CUSCO
_cBIBLIOTECA MUNICIPAL DEL CUSCO
041 _heng.
082 _a658.5 /
_bG81
100 _aGreene, James H.
_939024
245 _aPlaneamiento y control de producción /
260 _aBuenos Aires :
_bEl Ateneo,
_c1971.
300 _a210 paginas ;
_c20 cm.
505 _aContenido :Diseño de sistemas de producción --Conceptos de planemiento y control de producción --Insumos para el sistema de control --Sistemas y decisiones de control de inventarios ...
650 _aSistema
_97446
650 _aAnalogia
_918254
700 _aJuan J.Thomas (traductor)
_939025
942 _2ddc
_cLIBROS
945 _arjall
_d2019-05-14